000 00528cam a2200181 4500500
005 20260405002049.0
041 _afre
042 _adc
100 1 0 _aPortevin, Catherine
_eauthor
245 0 0 _aRelire
260 _c2015.
500 _a33
690 _aLaure Murat
690 _aLittérature
690 _aPhilippe Garnier
786 0 _nPhilosophie magazine | 92 | 9 | 2015-09-01 | p. 73-73 | 1951-1787
856 4 1 _uhttps://shs.cairn.info/magazine-philosophie-magazine-2015-9-page-73?lang=fr&redirect-ssocas=7080
999 _c2053843
_d2053843